000 00342nam a2200133Ia 4500
008 190216s9999||||xx |||||||||||||| ||und||
100 _aSharma. J.K And Sarkar. K.K
245 0 _aThermodynamics And Statistical Physics
250 _a3rd Ed.
260 _bHimalaya Publishing House
_c1991
300 _a443
650 _aPhysics
942 _cBK
999 _c33296
_d33296